000 00536nam a2200181Ia 4500
005 20250508161806.0
008 008 250505s9999 xx 000 0 eng d
037 _aTextual
040 _aFEDL
_beng
_cFEDL
041 _aeng
_2eng
084 _a741, WIL
_qFEDL
100 _aWilliams Guy R
_9760395
245 0 _aUse your eyes! : A book for boys and girls who like drawing and painting
260 _aLondon, UK
_bChapman and Hall Ltd.
_c1957
300 _a114p.
942 _cTEXL
_h741, WIL
999 _c1372235
_d1372235